000 00491nam a2200169 i 4500
001 71956
003 ES-MaACL
005 20250702063046.0
007 t|
008 040820s1981 sp ||||1| spa d
100 1 _aGil-Albert, Juan,
_d1904-1994
_956757
245 1 0 _aObra poética completa /
_cJuan Gil-Albert.
260 _aValencia :
_bInstituto Alfonso el Magnánimo,
_c1981.
300 _a3 v. ;
_c20 cm.
852 _aES-MaACL
_jL-1255-7
_bR.101725
999 _c71956
_d71956